书目信息 |
| 书名: | Chemistry, experiment and theory | |
| 作者: | Thomas L. Allen, Raymond M. Keefer. | |
| 分册号: | ||
| 分册名: | 出版地: | New York : |
|
| 出版社: | Harper & Row | |
| 出版时间: | c1982. | |
| 页数: | xx, 742, [67] p. : | |
| 开本: | 25 cm. | |
| 丛书名: | ||
| 中图分类号: | ||
| 科图分类号: | ||
| 其他分类号: | O6-3:H31 | |
| 主题词: | ||
| 电子资源: | ||
| 000 | 00713pam 2200253 a 4504 | |
| 001 | E0752701228 | |
| 003 | OCoLC | |
| 005 | 20070303090616.90 | |
| 008 | 030611s1982 nyua 001 0 eng | |
| 010 | @a81007078 | |
| 020 | @a0060402091. | |
| 040 | @aDLC@cDLC@dCIN | |
| 050 | 00 | @aQD31.2@b.A44 1982 |
| 082 | 0 | @a540 @2 19 |
| 090 | @aO6-3:H31 | |
| 099 | @dO6-3:H31@ex164 | |
| 100 | 1 | @aAllen, Thomas L. |
| 245 | 10 | @aChemistry, experiment and theory / @cThomas L. Allen, Raymond M. Keefer. |
| 250 | @a2nd ed. | |
| 260 | @aNew York :@bHarper & Row,@cc1982. | |
| 300 | @axx, 742, [67] p. :@bill. ;@c25 cm. | |
| 500 | @aIncludes index. | |
| 650 | 0 | @aChemistry. |
| 700 | 1 | @aKeefer, Raymond M. |
| Chemistry, experiment and theory / / Thomas L. Allen, Raymond M. Keefer.-2nd ed.-New York : : Harper & Row, , c1982. |
| xx, 742, [67] p. : : ill. ; ; 25 cm. |
| Includes index. |
| ISBN 0060402091. |
| ● |
| 相关链接 |
|
|
|
|
正题名:Chemistry, experiment and theory
索取号:O6-3:H31/x164
 
预约/预借
| 序号 | 登录号 | 条形码 | 馆藏地/架位号 | 状态 | 备注 |
| 1 | 137003 | 000636538 | 第四借阅区/ [索取号:O6-3:H31/x164] | 在馆 | |
| 2 | 137004 | 202458269 | 第四借阅区/ [索取号:O6-3:H31/x164] | 在馆 | |
| 3 | 137005 | 000636529 | 第二样本阅览室/ [索取号:O6-3:H31/x164] | 在馆 |